000 00550nam a2200205Ia 4500
008 180620s9999 xx 000 0 und d
020 _a81-7245-044-3
050 _aREF HF 5718.3
050 _b.W45 [200-?]
100 _aWhite, Kay.
245 0 _a350 model business letters /
245 0 _cKay White, Philip J. Carter.
260 _aNew Delhi :
260 _bGoodwill Publishing,
260 _c2002
300 _a344 pages :
300 _c22 cm.
650 _aBusiness writing -- Handbooks, manuals, etc.
650 _xBusiness writing.
999 _c358011
_d358011